MARC

LEADER 00000nam0a2200000 4500
001 39956
005 20231031011937.0
035 |a (RuTPU)RU\TPU\book\40848 
090 |a 39956 
100 |a 20020416d1982 m y0rusy50 ca 
101 0 |a rus 
102 |a RU 
105 |a y j 001zy 
200 1 |a Введение в численные методы  |e учебное пособие  |f А. А. Самарский  
210 |a Москва  |c Наука  |d 1982 
215 |a 1982 
320 |a Библиогр.: с. 266. 
320 |a Предм. указ.: с. 267-269. 
451 1 |0 (RuTPU)RU\TPU\book\58963  |t Введение в численные методы  |o учебное пособие  |f А. А. Самарский  |e 2-е изд., перераб. и доп.  |c М.  |n Наука  |d 1987  |p 286 с.  |a Самарский, Александр Андреевич 
610 1 |a математика 
610 1 |a разностные уравнения 
610 1 |a интерполяция 
610 1 |a обыкновенные дифференциальные уравнения 
610 1 |a эллиптические уравнения 
610 1 |a теплопроводность 
610 1 |a численные методы 
610 1 |a учебные пособия 
675 |a 519.6(075.8)  |v 3 
700 1 |a Самарский  |b А. А.  |g Александр Андреевич 
801 1 |a RU  |b 63413507  |c 20020416  |g PSBO 
801 2 |a RU  |b 63413507  |c 20150722  |g PSBO 
942 |c BK